Wisconsin State Champions 2025 (Football) - Statistics

General Stats
  • This quiz has been taken 6 times
  • The average score is 2 of 8
Answer Stats
Hint Answer % Correct
D1 Arrowhead
80%
D2 West De Pere
80%
D3 Grafton
40%
D4 Winneconne
20%
D6 Darlington
0%
D5 Mayville
0%
Eight-Man McDonnell Central Catholic
0%
D7 St Josephs
0%
No matching quizzes found
Score Distribution
Percent of People with Each Score
Percentile by Number Answered
Your Score History
You have not taken this quiz